97 - Né(es) un 7 avril - Statistiques

Statistiques générales
  • Ce quiz a été pris 11 fois
  • Le résultat moyen est 6 sur 16
Statistiques - réponses
Hint Année de naissance Réponse % Correct
Judoka français de la la catégorie des plus de 100 kg (poids lourds). Champion olympique en 2024. 1989 Teddy Riner
90%
Réalisateur français. Connu pour "Le Parrain" (trilogie), "Conversation secrète", "Apocalypse Now", "Outsiders", "Dracula". 1939 Francis Ford Coppola
80%
Joueur de football français. International. Surnommé "Kaiser Franck" en Allemagne. 1983 Franck Ribéry
80%
Acteur chinois. Vu dans la série "Drunken Master", la série "Armour of God", la saga "Police Story", la série "Rush Hour". 1954 Jackie Chan|Chan Kong-sang
70%
Gardien de but français. Vainqueur de la coupe du monde en 1998. 1963 Bernard Lama
60%
Industriel français des cosmétiques. Conseiller général du Morbihan de 1982 à 2001 et conseiller régional de Bretagne de 1992 à 1998. 1930 Yves Rocher
60%
Réalisateur américain. Connu pour"Klute", "À cause d'un assassinat", "Les Hommes du président", "Le Choix de Sophie", "L'Affaire Pélican". 1928 Alan J. Pakula
40%
Restaurateur français aux 32 étoiles au guide Michelin. 1945 Joël Robuchon
40%
Chanteuse américaine de blues et de jazz. Connue pour "All of Me", "Summertime", "Strange Fruit", "Good Morning Heartache". 1915 Billie Holiday|Lady Day|Eleanora Fagan
20%
Pape de l’Église catholique de 1730 à 1740. 1652 Clément XII
20%
Ministre de l'Écologie de la France du 19 juin 2007 au 13 novembre 2010. Fut aussi maire de Valenciennes. 1951 Jean-Louis Borloo
20%
Industriel américain dont le nom est associé à une marque de corn flakes. 1860 Will Keith Kellogg
20%
Homme politique américain. 1er directeur de la Central Intelligence Agency de 1953 à 1961. Fut l'un des sept membres de la commission Warren. 1893 Allen Dulles
10%
Un des premiers anthropologue à analyser des phénomènes d'acculturation. Considéré comme l’un des pères de l’ethnologie moderne. 1884 Bronisław Malinowski
10%
Chancelier fédéral d'Allemagne du 27 octobre 1998 au 22 novembre 2005. 1944 Gerhard Schröder
10%
Militaire allemand. Chancelier du Reich du 3 décembre 1932 au 30 janvier 1933. Éxecuté lors de la "nuit des Longs Couteaux". 1882 Kurt von Schleicher
10%
Aucun quiz correspondant
Distribution des résultats
% des personnes avec chaque résultat
Percentile par nombre de réponses
Votre historique - résultats
Vous n’avez pas pris ce quiz